Places in Delaware - sudden death - Statistics

General Stats
  • This quiz has been taken 55 times
  • The average score is 9 of 22
Answers on the Grid
Answers color-coded by a green-red scale on the quiz's grid according to % correct below.
Statue of Liberty
International airport
Yosemite Falls
A mountain
A 500,000 pop. city
An NFL team
A monorail
Indianapolis
Gandhi memorial
Red Herrings fishery
Wilmington
The Large Hadron Collider
Disneyland
A coast
A port
A beach
North Korean cultural centre
Dover
A maglev train
DuPont headquarters
First State Historical Park
An MLS team
An FBI office
Viking burial site
A university
Bin Laden memorial
A border with New Jersey
A pene-exclave cut off by NJ territory
Brandywine Creek
Cape Henlopen park
A coral reef
Bayshore Byway
Delaware River
Birthplace of Judge Reinhold
Forth Bridge
A spaceport
An underground railway
World's largest telescope
Smyrna
Mukono Town
Killeen
National Vulcanized Fiber HQ
Trevi fountain
A shore on Chesapeake Bay
Family home of Joe Biden
Sumbawanga
A heliport
A border with Virginia
A border with New York
Thousand Oaks
Greeley
Delaware Bay
An Indian reservation
A McDonald's
 
Answer Stats
Answer % Correct
Dover
92%
A beach
83%
Delaware River
75%
A coast
67%
A university
67%
Wilmington
67%
A border with New Jersey
50%
A port
42%
Brandywine Creek
33%
Delaware Bay
33%
DuPont headquarters
33%
Family home of Joe Biden
33%
First State Historical Park
33%
Smyrna
33%
A McDonald's
25%
A pene-exclave cut off by NJ territory
25%
Cape Henlopen park
25%
Birthplace of Judge Reinhold
17%
An FBI office
8%
Bayshore Byway
8%
National Vulcanized Fiber HQ
8%
A heliport
0%
No matching quizzes found
Score Distribution
Percent of People with Each Score
Percentile by Number Answered
Your Score History
You have not taken this quiz